000 00352nam a2200133Ia 4500
008 230511s1964 xx 000 0 und d
041 _aeng
082 _a657.2
100 _aAlfred Palmar
245 _aKey to Munros Element any Book Keeping
260 _aNew Delhi
_bPitman Series
_c1964
300 _a141
906 _aAccountancy - Book Keeping
999 _c354086
_d354086